000 00919nam a2200289Ia 4500
001 Para_5623
003 CHAP
008 220125s2001 xx 000 0 und d
010 _a204033
040 _cCHAP
082 _aPA 632.7063 S5 2001
111 _aSimposio Nacional de Parasitología Agrícola Ing. Omar Galindo Alonso (27:2001:Uruapan, Mich.)
_9170071
245 _aMemoria /
_c por Ingenieros Agrónomos Parasitólogos
260 _aUruapan, Mich. :
_b La asociación
300 _a240 p.
650 _aAgricultura
_x plagas
_xCongresos
_9164527
650 _aCultivos
_x enfermedades
_xcongresos
_9164528
710 _aIAP
_9164467
710 _aUACh. Departamento Parasitología Agrícola
_9164495
901 _aPA 632.7063 S5 2001
902 _aA
905 _a0000002001 a 0000000000 00
910 _a2001
942 _cPARA
942 _cPARA
_d1
999 _c204033
_d204033